La enseñanza de la geografía en México : una visión histórica : 1821-2005 /

Obra en que se revisa cómo se ha enseñado la geografía en México en todos los niveles educativos, desde que el país alcanzó su independencia política; se traza la historia de los contenidos programáticos, los métodos de enseñanza y los libros de texto utilizados, y se da a conocer la labor de los pr...

সম্পূর্ণ বিবরণ

সংরক্ষণ করুন:
গ্রন্থ-পঞ্জীর বিবরন
প্রধান লেখক: Castañeda Rincón, Javier (autor)
অন্যান্য লেখক: Moncada Maya, José Omar (prólogo) (prólogo)
বিন্যাস: গ্রন্থ
ভাষা:স্প্যানিশ
প্রকাশিত: México : Universidad Autónoma Chapingo : Plaza y Valdés, 2006, c2006
বিষয়গুলি:
ট্যাগগুলো: ট্যাগ যুক্ত করুন
কোনো ট্যাগ নেই, প্রথমজন হিসাবে ট্যাগ করুন!

MARC

LEADER 00000nam^a2200000^a^4500
001 000189064
005 20250521000000.0
009 20260310102401.037
020 |a 968-02-0233-X 
020 |a 970-722-506-8 
037 |a Acervo ITESO - Biblioteca 
041 |a ESP 
082 |a 910. 07072  |b CAS 
100 |a Castañeda Rincón, Javier  |e (autor) 
245 1 3 |a La enseñanza de la geografía en México :  |b una visión histórica : 1821-2005 /  |c J. Castañeda Rincón ; pról. de José Omar Moncada Maya. 
264 4 |a México :  |b Universidad Autónoma Chapingo :  |b Plaza y Valdés,  |c 2006, c2006 
300 |a 220 p. 
336 |a texto  |b txt  |2 rdacontenido 
337 |a sin mediación  |b n  |2 rdamedio 
338 |a volumen  |b nc  |2 rdasoporte 
520 |a Obra en que se revisa cómo se ha enseñado la geografía en México en todos los niveles educativos, desde que el país alcanzó su independencia política; se traza la historia de los contenidos programáticos, los métodos de enseñanza y los libros de texto utilizados, y se da a conocer la labor de los profesores del campo más destacados. Se incluye información sobre las dos primeras instituciones mexicanas donde se formaron geógrafos y profesores de geografía. Se incluye un estudio comparativo de la geografía de México y Brasil. 
649 |a XX 
650 |a Geografía -  |z México -  |x Estudio y Enseñanza -  |x Tema Principal 
650 |a Programas de Materia -  |z México 
650 |a Currículo -  |z México 
650 |a Didáctica -  |z México 
650 |a Metodología Educativa -  |z México 
650 |a Educación -  |z México -  |x Historia -  |y Siglo XIX 
650 |a Educación -  |z México -  |x Historia -  |y Siglo XX 
650 |a Geografía -  |z México 
650 |a Ciencias de la Tierra 
700 |a Moncada Maya, José Omar  |e (prólogo) 
910 |a Fondo General 
920 |a Impresos - Libros 
930 |a Colección General 
905 |a 101 
901 |a 0500131665  |b IT1  |c ACC  |u 20250521 
902 |a https://opac.biblio.iteso.mx/vufind/Record/000189064